000 00983nam a22003015a 4500
001 vtls000076129
003 ES-BaIT
005 20220420140938.0
007 t|
008 131009s1854 ||||||||| 00| |spa|d
010 _a76129
035 _a0076-12960
039 9 _a201403080300
_bVLOAD
_c201310110201
_dVLOAD
_c201310101830
_dVLOAD
_c201310090102
_dVLOAD
040 0 0 _aSEDO
_bcat
100 1 _aVega, Ventura de la
_950885
245 1 0 _aJugar con fuego /
_cVentura de la Vega
250 _a4ª ed.
260 _c1854
_aMadrid:
_bImp. J. Rodríguez,
300 _c13x18 cm
500 _aZarzuela en 3 actos m/Barbiers
500 _aP10: D2, H8
593 _a0110
_b71956
_cProcedència: Col·lecció Díaz Escovar
_hArtur Sedó
856 4 2 _3Fitxa del catàleg manual
_uhttp://www.cdmae.cat/sedo/imgtitulos/037/P0001404.gif
940 _aIT
942 _2udc
_c1
949 _61990609778
_a71956
999 _c67369
_d67369